ARRUPE JESUIT UNIVERSITY

CORONAVIRUS -STOP THE SPREAD - CLEAN,DISINFECT,COVER

Natural law and justice / (Record no. 121315)

MARC details
000 -LEADER
fixed length control field 00972cam a2200349 a 4500
001 - CONTROL NUMBER
control field 594421
003 - CONTROL NUMBER IDENTIFIER
control field ARRUPE
005 - DATE AND TIME OF LATEST TRANSACTION
control field 20141126123823.0
008 - FIXED-LENGTH DATA ELEMENTS--GENERAL INFORMATION
fixed length control field 870911s1987 mau b 001 0 eng
010 ## - LIBRARY OF CONGRESS CONTROL NUMBER
LC control number 86027098
020 ## - INTERNATIONAL STANDARD BOOK NUMBER
International Standard Book Number 0674604253 (alk. paper)
035 ## - SYSTEM CONTROL NUMBER
System control number (OCoLC)14586188
035 ## - SYSTEM CONTROL NUMBER
System control number (OCoLC)ocm14586188
035 ## - SYSTEM CONTROL NUMBER
System control number (CStRLIN)NYCG87-B74219
035 ## - SYSTEM CONTROL NUMBER
System control number (NNC)594421
040 ## - CATALOGING SOURCE
Transcribing agency DCL
050 0# - LIBRARY OF CONGRESS CALL NUMBER
Classification number K460
Item number .W45 1987
082 0# - DEWEY DECIMAL CLASSIFICATION NUMBER
Classification number 340/.1
Edition number 19
090 ## - LOCALLY ASSIGNED LC-TYPE CALL NUMBER (OCLC); LOCAL CALL NUMBER (OCLC)
Classification number (OCLC) (R) ; Classification number, CALL (RLIN) (NR) K460
Local cutter number (OCLC) ; Book number/undivided call number, CALL (RLIN) .W45 1987
300 ## - PHYSICAL DESCRIPTION
Dimensions 24 cm.
100 1# - MAIN ENTRY--PERSONAL NAME
Personal name Weinreb, Lloyd L.,
Dates associated with a name 1936-
9 (RLIN) 12856
245 10 - TITLE STATEMENT
Title Natural law and justice /
Statement of responsibility, etc Lloyd L. Weinreb.
260 ## - PUBLICATION, DISTRIBUTION, ETC. (IMPRINT)
Place of publication, distribution, etc Cambridge, Mass. :
Name of publisher, distributor, etc Harvard University Press,
Date of publication, distribution, etc 1987.
263 ## - PROJECTED PUBLICATION DATE
Projected publication date 8708
300 ## - PHYSICAL DESCRIPTION
Extent ix, 320 p. ;
500 ## - GENERAL NOTE
General note Includes index.
504 ## - BIBLIOGRAPHY, ETC. NOTE
Bibliography, etc Includes bibliographical references.
650 #0 - SUBJECT ADDED ENTRY--TOPICAL TERM
Topical term or geographic name as entry element Natural law.
9 (RLIN) 3966
650 #0 - SUBJECT ADDED ENTRY--TOPICAL TERM
Topical term or geographic name as entry element Law
General subdivision Philosophy.
9 (RLIN) 10576
650 #0 - SUBJECT ADDED ENTRY--TOPICAL TERM
Topical term or geographic name as entry element Justice.
9 (RLIN) 12857
942 ## - ADDED ENTRY ELEMENTS (KOHA)
Source of classification or shelving scheme Library of Congress Classification
Koha item type Monograph ( Printed materials)
Holdings
Withdrawn status Lost status Source of classification or shelving scheme Damaged status Not for loan Collection code Home library Current library Shelving location Date acquired Total Checkouts Full call number Barcode Date last seen Date checked out Price effective from Koha item type
    Library of Congress Classification     Main Collection ARRUPE LIBRARY ARRUPE LIBRARY Main Collection 26/11/2014 9 K460 .W45 1987 46500001221 18/01/2022 12/04/2021 26/11/2014 Monograph ( Printed materials)

 

Arrupe Library. PO Box MP320 Mt Pleasant, Harare, Zimbabwe
263 242 745411|librarian@aju.ac.zw